000 00847cgm a2200241 4500
001 B3372
008 090401t1990 xxu||||| |||| 00| 0 eng d
035 _a(Sirsi) u55704
041 _aeng
050 _a346.4104344
100 _aMorrell, Alan
245 _aFair rents and assured tenancies (sound recording)
260 _aLondon
_bRoyal Institution of Chartered Surveyors
_c1990
300 _a1 sound cassette (60 min.)
350 _a10
490 _aOwlion Audio Programme
520 _aPublished jointly with the College of Estate Management . This includes a commentary on the philosophy of the concept, the role of the Rent Officer and the methods by which agreement may be sought between landlord and tenant.
650 _aAUDIO CASSETTES
650 _aFAIR RENTS
700 _aFox, Gerry
942 _n0
948 _c04/03/1997
999 _c85313
_d85313